000 00603nam a2200169Ia 4500
008 180921t2016 xxu||||| |||| 00| 1 sin d
041 _asin
080 _aX8C31
_bPRA
100 _aPramuditha, Hansini
245 _aඅසබැඳි සබැඳි
246 _aAsabendi Sabendi
260 _bSarasavi
_aNugegoda
_c2016
300 _a278p., 21cm
942 _cBK
999 _c7279
_d7279
003 LK-CoDNM
040 _aLK-CoDNM
_dLK-CoDNM
_eLK-CoDNM